Modern Names of Countries - Statistics

General Stats
  • This quiz has been taken 42 times
  • The average score is 8 of 9
Answer Stats
Hint Answer % Correct
Burma Myanmar
100%
Persia Iran
98%
Zaire Democratic Republic of Congo
93%
Swaziland Eswatini
93%
Ceylon Sri Lanka
90%
Abyssinia Ethiopia
85%
Kampuchea Cambodia
83%
Czech Republic Czechia
83%
Dahomey Benin
50%
No matching quizzes found
Score Distribution
Percent of People with Each Score
Percentile by Number Answered
Your Score History
You have not taken this quiz